000 00275nam a2200109Ia 4500
008 190914s9999||||xx |||||||||||||| ||und||
100 _aGilbert A Churchill JR
245 0 _aBasic Marketing Research
260 _aNew Jersey
_bPrentice Hall
_c1995
300 _a560
942 _cBK
999 _c9405
_d9405